[Event "Championnat de la Réunion Individuel 2026"]
[Site "Reunion"]
[Date "????.??.??"]
[Round "12.1"]
[White "RIVIERE, Etienne"]
[Black "MEZOUAGHI, Miloud"]
[Result "1-0"]
[WhiteTitle "-"]
[BlackTitle "-"]
[WhiteFideId "-"]
[BlackFideId "-"]
[WhiteElo "2062"]
[BlackElo "1994"]

1. e4 {[%clk 01:15:46]} {[%emt 00:00:14]} c5 {[%clk 01:14:47]} {[%emt
00:01:14]} 2. Nc3 {[%clk 01:15:55]} {[%emt 00:00:20]} Nc6 {[%clk 01:13:26]}
{[%emt 00:01:52]} 3. g3 {[%clk 01:16:09]} {[%emt 00:00:16]} g6 {[%clk
01:13:02]} {[%emt 00:00:54]} 4. Bg2 {[%clk 01:16:27]} {[%emt 00:00:11]} Bg7
{[%clk 01:13:27]} {[%emt 00:00:05]} 5. d3 {[%clk 01:16:40]} {[%emt 00:00:16]}
d6 {[%clk 01:10:45]} {[%emt 00:03:13]} 6. f4 {[%clk 01:16:31]} {[%emt
00:00:39]} Rb8 {[%clk 01:09:33]} {[%emt 00:01:42]} 7. Nf3 {[%clk 01:16:33]}
{[%emt 00:00:28]} b5 {[%clk 01:09:05]} {[%emt 00:00:58]} 8. a3 {[%clk
01:16:44]} {[%emt 00:00:19]} a5 {[%clk 01:08:54]} {[%emt 00:00:41]} 9. O-O
{[%clk 01:16:40]} {[%emt 00:00:33]} b4 {[%clk 00:56:10]} {[%emt 00:13:15]} 10.
axb4 {[%clk 01:16:33]} {[%emt 00:00:37]} axb4 {[%clk 00:56:36]} {[%emt
00:00:04]} 11. Nd5 {[%clk 01:16:19]} {[%emt 00:00:43]} Nf6 {[%clk 00:24:01]}
{[%emt 00:33:05]} 12. Ne3 {[%clk 01:16:14]} {[%emt 00:00:35]} O-O {[%clk
00:21:25]} {[%emt 00:03:06]} 13. f5 {[%clk 01:14:15]} {[%emt 00:02:29]} Nd7
{[%clk 00:10:15]} {[%emt 00:11:40]} 14. Ng4 {[%clk 01:02:17]} {[%emt 00:12:27]}
Nde5 {[%clk 00:07:33]} {[%emt 00:03:12]} 15. Nfxe5 {[%clk 01:01:38]} {[%emt
00:01:09]} Nxe5 {[%clk 00:07:46]} {[%emt 00:00:19]} 16. Nxe5 {[%clk 00:59:25]}
{[%emt 00:02:42]} Bxe5 {[%clk 00:08:02]} {[%emt 00:00:14]} 17. Kh1 {[%clk
00:58:31]} {[%emt 00:01:24]} Bb7 {[%clk 00:07:44]} {[%emt 00:00:48]} 18. Bh6
{[%clk 00:54:49]} {[%emt 00:04:11]} Bg7 {[%clk 00:07:01]} {[%emt 00:01:13]} 19.
Bxg7 {[%clk 00:53:39]} {[%emt 00:01:39]} Kxg7 {[%emt 00:00:03]} 20. Qg4 {[%emt
00:03:18]} Ra8 {[%clk 00:03:08]} {[%emt 00:01:03]} 21. Rab1 {[%clk 00:52:59]}
{[%emt 00:01:09]} b3 {[%clk 00:02:49]} {[%emt 00:00:49]} 22. c4 {[%clk
00:47:43]} {[%emt 00:05:45]} Ra2 {[%clk 00:03:11]} {[%emt 00:00:08]} 23. Rf2
{[%clk 00:46:39]} {[%emt 00:01:34]} Qa5 {[%clk 00:03:01]} {[%emt 00:00:40]} 24.
f6+ {[%clk 00:42:42]} {[%emt 00:04:26]} exf6 {[%clk 00:03:02]} {[%emt
00:00:30]} 25. Qd7 {[%clk 00:41:20]} {[%emt 00:01:52]} Ra1 {[%clk 00:01:44]}
{[%emt 00:01:49]} 26. Rxa1 {[%clk 00:40:13]} {[%emt 00:01:36]} Qxa1+ {[%clk
00:02:12]} {[%emt 00:00:02]} 27. Rf1 {[%clk 00:40:21]} {[%emt 00:00:21]} Qa6
{[%clk 00:02:16]} {[%emt 00:00:28]} 28. Qe7 {[%clk 00:39:48]} {[%emt 00:01:02]}
f5 {[%clk 00:01:48]} {[%emt 00:00:59]} 29. Rxf5 {[%clk 00:38:10]} {[%emt
00:02:08]} Qa1+ {[%clk 00:01:42]} {[%emt 00:00:36]} 30. Rf1 {[%clk 00:38:25]}
{[%emt 00:00:14]} Bc8 {[%clk 00:01:38]} {[%emt 00:00:35]} 31. Rxa1 {[%clk
00:37:51]} {[%emt 00:00:19]} Kg8 {[%clk 00:01:38]} 1-0